| 000 | 00598nam a2200205 i 4500 | ||
|---|---|---|---|
| 001 | 78036 | ||
| 003 | ES-MaACL | ||
| 005 | 20230906173513.0 | ||
| 007 | t| | ||
| 008 | 041008s1963 ag ||||1| cat d | ||
| 100 | 1 |
_aHamsun, Knut. _961705 |
|
| 245 | 1 | 0 |
_aFam / _cKnut Hamsun ; [traducció catalana Joan Rius Vila]. |
| 260 |
_aBuenos Aires : _bPlaza & Janés, _c[1963] |
||
| 300 |
_a160 p. ; _c18 cm. |
||
| 490 | 1 | _aEscritors contemporanis | |
| 700 | 1 |
_aRius i Vila, Joan. _997517 |
|
| 830 | 0 |
_aEscritors contemporanis _9187572 |
|
| 852 |
_aES-MaACL _jG-9857 _bR.52626 |
||
| 999 |
_c78036 _d78036 |
||